| 000 | 00463nam a2200169 a 4500 | ||
|---|---|---|---|
| 005 | 20240910160029.0 | ||
| 008 | 991125s1956 mx 000 0 spa u | ||
| 035 | _aUPN01000016120 | ||
| 049 | _aSEP | ||
| 050 | 4 |
_aPQ7297 A3 _bA4.3 |
|
| 100 | 1 |
_aAlvarez Acosta, Miguel, _d1907-1996 |
|
| 245 | 1 | 0 |
_aDiscursos / _cMiguel Alvarez Acosta. |
| 260 |
_aMéxico : _bSEP, _c1956. |
||
| 300 | _a2 v. | ||
| 600 | 1 | 2 |
_aAlvarez Acosta, Miguel, _d1907-1996 _928712 |
| 905 | _aLibro | ||
| 999 |
_c16120 _d16120 |
||